000 00818nam a2200229 a 4500
001 000014778
005 20260305073956.0
008 100122s2008 dr c r 000 0 spa d
020 _a9993458163
040 _aDO-SdBNP
_bspa
_cBNPHU
082 _a923.2
_bF363O, 2008
100 1 _aOzuna, Marcelino,
_d1965-
_933502
245 1 0 _aLeonel una biografía :
_bla historia personal y política de Loenel Fernández /
_cMarcelino Ozuna.
250 _a7a ed.
260 _aSanto Domingo :
_bLlantén,
_c2008.
300 _a321 p. :
_bil. ;
_c22 cm.
500 _aIncluye datos biográficos del autor en la contracubierta
590 _aInventariado, 2020/BT
600 1 0 _aFernández, Leonel,
_d1953-
_97291
650 4 _aPolíticos
_zRepública Dominicana
_vBIOGRAFÍAS
_96328
910 _aValidado. Control de calidad. MMOLINA
999 _c14361
_d14361